=LDR 00000nam 2200000 4500 =001 INLIS000000000012928 =005 20130612104412 =008 ***********************************Ind** =035 ##$$0010-061300000012928 =041 ##$$a Ind =082 ##$$a 310 =090 ##$$a 310, Daj =100 ##$$a Dajan, Anton =245 ##$$a Pengantar metode Statistik, Anton Dajan =260 ##$$b Jakarta =300 ##$$a ...Jil., Ilus, 23 cm =650 ##$$a Statistik =850 ##$$a NBPNMAT